What are the Turkish aspirations: to be regional leader in Muslim world or full member of EU?
Saved in:
| Main Author: | |
|---|---|
| Format: | Book Chapter |
| Language: | English |
| Subjects: | |
| Tags: |
No Tags, Be the first to tag this record!
|
MARC
| LEADER | 00000naa a2200000 4500 | ||
|---|---|---|---|
| 001 | 0182664 | ||
| 005 | 20230908075431.7 | ||
| 041 | 0 | |a eng | |
| 044 | |a CZ | ||
| 245 | 1 | 0 | |a What are the Turkish aspirations: to be regional leader in Muslim world or full member of EU? |c Ľubica Zubaľová |
| 610 | 2 | 0 | |a Európska únia |
| 610 | 2 | 0 | |a Turecko |
| 610 | 2 | 0 | |a situácia hospodárska |
| 610 | 2 | 0 | |a vzťahy medzinárodné |
| 610 | 2 | 0 | |a spolupráca hospodárska medzinárodná |
| 100 | 1 | |a Zubaľová, Ľubica, 1969- | |